جانباز ثُریاّ / (Record no. 106183)

MARC details
000 -LEADER
fixed length control field 00969nam a22002657a 4500
005 - DATE AND TIME OF LATEST TRANSACTION
control field 20170123162304.0
010 ## - LIBRARY OF CONGRESS CONTROL NUMBER
LC control number B-097948
020 ## - INTERNATIONAL STANDARD BOOK NUMBER
Terms of availability 175.00
International Standard Book Number 818223039
035 ## - SYSTEM CONTROL NUMBER
System control number B-097948
037 ## - SOURCE OF ACQUISITION
Source of stock number/acquisition Cen Lib/Ret
040 ## - CATALOGING SOURCE
Original cataloging agency DPL
Language of cataloging UR
082 ## - DEWEY DECIMAL CLASSIFICATION NUMBER
Classification number ن
Item number ن زر
100 ## - MAIN ENTRY--PERSONAL NAME
Personal name نظر سججاد حیدر
9 (RLIN) 107741
245 ## - TITLE STATEMENT
Title جانباز ثُریاّ /
Statement of responsibility, etc نظر سججاد حیدر مرتبہ قرّتول این حیدر
246 ## - VARYING FORM OF TITLE
Title proper/short title Janbaz surayya /
Remainder of title by Nazeer Sajjad Haidar ; murattab Qurratul-ain-Haidar
260 ## - PUBLICATION, DISTRIBUTION, ETC. (IMPRINT)
Place of publication, distribution, etc دہلی
Name of publisher, distributor, etc ایجوکیشنل پبلشنگ ہاؤس
Date of publication, distribution, etc 2004
270 ## - ADDRESS
Address ٣١٠٨، وکیل سٹریٹ، کچہ چلن لال کون
City دہلی
Postal code 110006
300 ## - PHYSICAL DESCRIPTION
Extent 451-665p.
Dimensions 21cm(Hb)
650 ## - SUBJECT ADDED ENTRY--TOPICAL TERM
Topical term or geographic name as entry element اردو ادب
9 (RLIN) 134673
650 ## - SUBJECT ADDED ENTRY--TOPICAL TERM
Topical term or geographic name as entry element اردو ناول
9 (RLIN) 134674
650 ## - SUBJECT ADDED ENTRY--TOPICAL TERM
Topical term or geographic name as entry element Urdu literature
9 (RLIN) 134675
650 ## - SUBJECT ADDED ENTRY--TOPICAL TERM
Topical term or geographic name as entry element Urdu novel
9 (RLIN) 134676
700 ## - ADDED ENTRY--PERSONAL NAME
Personal name قرّتول این حیدر
9 (RLIN) 134677
942 ## - ADDED ENTRY ELEMENTS (KOHA)
Source of classification or shelving scheme Dewey Decimal Classification
Koha item type Urdu Bks
Classification part ن
Call number suffix ن زر
Holdings
Withdrawn status Lost status Damaged status Not for loan Home library Current library Date acquired Source of acquisition Cost, normal purchase price Total Checkouts Full call number Barcode Date last seen Date checked out Copy number Cost, replacement price Price effective from Koha item type
        Central Library Central Library 16/12/2015 Cen Lib/Ret 200.00 2 ن ن زر B-097948 31/01/2022 17/01/2022 1 200.00 16/12/2015 Urdu Bks

© Delhi Public Library
Hit Counter
free hit counter